<?xml version="1.0" encoding="UTF-8"?><?xml-stylesheet type="text/xsl" href="static/style.xsl"?><OAI-PMH xmlns="http://www.openarchives.org/OAI/2.0/" xmlns:xsi="http://www.w3.org/2001/XMLSchema-instance" xsi:schemaLocation="http://www.openarchives.org/OAI/2.0/ http://www.openarchives.org/OAI/2.0/OAI-PMH.xsd"><responseDate>2026-04-14T18:29:42Z</responseDate><request verb="GetRecord" identifier="oai:uvadoc.uva.es:10324/31994" metadataPrefix="marc">https://uvadoc.uva.es/oai/request</request><GetRecord><record><header><identifier>oai:uvadoc.uva.es:10324/31994</identifier><datestamp>2021-06-29T22:42:41Z</datestamp><setSpec>com_10324_38</setSpec><setSpec>col_10324_852</setSpec></header><metadata><record xmlns="http://www.loc.gov/MARC21/slim" xmlns:doc="http://www.lyncode.com/xoai" xmlns:xsi="http://www.w3.org/2001/XMLSchema-instance" xmlns:dcterms="http://purl.org/dc/terms/" xsi:schemaLocation="http://www.loc.gov/MARC21/slim http://www.loc.gov/standards/marcxml/schema/MARC21slim.xsd">
<leader>00925njm 22002777a 4500</leader>
<datafield tag="042" ind1=" " ind2=" ">
<subfield code="a">dc</subfield>
</datafield>
<datafield tag="720" ind1=" " ind2=" ">
<subfield code="a">Sacristán de la Fuente, Mario</subfield>
<subfield code="e">author</subfield>
</datafield>
<datafield tag="260" ind1=" " ind2=" ">
<subfield code="c">2018</subfield>
</datafield>
<datafield tag="520" ind1=" " ind2=" ">
<subfield code="a">Objetivo: Localizar hallazgos compatibles con la retinopatía diabética&#xd;
(RD) en el fondo de ojo de pacientes diabéticos de Valladolid mediante la&#xd;
realización de dos retinografías midriáticas analizadas por un equipo de&#xd;
oftalmólogos y en colaboración con un equipo multidisciplinar. Con esta&#xd;
información se refirió a los afectados de RD al servicio de oftalmología.&#xd;
Material y métodos: Estudio de 355 pacientes, que llegaron al lugar de&#xd;
la campaña de screening por recomendación de su médico de atención primaria.&#xd;
Todos estos pacientes eran diabéticos sin diagnóstico de RD previo.&#xd;
Resultados: De los 355 pacientes revisados durante la campaña, 43&#xd;
pacientes (12%) presentaron signos en el fondo de ojo compatibles con la RD.&#xd;
En este trabajo no se ha diferenciado entre tipo y grado de RD.&#xd;
Conclusiones: A pesar de las recomendaciones de revisiones&#xd;
oftalmológicas de forma anual para los diabéticos, encontramos un alto&#xd;
porcentaje de pacientes que tienen la enfermedad sin conocerlo. Lo que da que&#xd;
pensar que la atención sanitaria sobre los diabéticos no es suficiente y se pueden&#xd;
pensar nuevas soluciones.</subfield>
</datafield>
<datafield tag="024" ind2=" " ind1="8">
<subfield code="a">http://uvadoc.uva.es/handle/10324/31994</subfield>
</datafield>
<datafield tag="245" ind1="0" ind2="0">
<subfield code="a">Screening de retinopatía diabética en Valladolid</subfield>
</datafield>
</record></metadata></record></GetRecord></OAI-PMH>